Thailand showcase : a buyer's guide 2011.
| Format: | Book |
|---|---|
| Published: |
Bangkok:
Cosmic Productions,
2011.
|
| Subjects: |
| LEADER | 00455cam a2200133 7i4500 | ||
|---|---|---|---|
| 001 | 0000027994 | ||
| 005 | 20120723090000.0 | ||
| 090 | 0 | 0 | |a CD 338.7025 |b THA (THAI) |
| 245 | 0 | 0 | |a Thailand showcase : |b a buyer's guide 2011. |
| 260 | 0 | 0 | |a Bangkok: |b Cosmic Productions, |c 2011. |
| 300 | # | # | |a Electronic computer optical disc (CD-ROM). |
| 650 | 0 | 0 | |a Business -- |x Directories -- |z Thailand |
| 651 | 0 | 0 | |a Thailand |
| 999 | |a CDR001059H |b CD-ROM |c AV Collection |e Business Information Centre | ||